000
00333nam a22001457a 4500
008
210526b ||||| |||| 00| 0 eng d
020
_a
9780781755788
041
_a
eng
080
_a
61
082
_a
61
100
_a
3
101
_a
SHM
245
_a
Spa Bodywork a Guide for Massage Therapisis
_c
Anne Williams
942
_2
udc
_c
BK
999
_c
57612
_d
57612